Manažment krvácania v dolných dýchacích cestách

Bibliographic Details
Main Authors: Majer, Ivan (Author), Štekláčová, Silvia (Author)
Format: Article
Language:Slovak
PhysicalDescription:Graf, tab.
ISSN:1335-4477
Subjects:

MARC

LEADER 00000nab a2200000 a 4500
001 vtls000792637
003 SK-MaSNL
005 20260302154441.0
008 140303c2002 xo 0 slo
015 |a SNBRB2002/04-14752 
035 |a CLN000144292 
040 |a SNKBUCL  |b slo  |c SNKBUCL  |e AACR2 
041 0 |a slo 
044 |a xo  |c SK 
080 |a 616.23-005.1-036.88  |2 1997 
100 1 |a Majer, Ivan  |4 aut  |9 298014 
245 1 0 |a Manažment krvácania v dolných dýchacích cestách  |c Ivan Majer, Silvia Štekláčová 
300 |b Graf, tab. 
650 0 7 |a dolné cesty dýchacie  |x krvácanie  |x mortalita  |2 snkbucl  |9 22823 
650 0 7 |a krvácanie  |x cesty dýchacie dolné  |x mortalita  |2 snkbucl  |9 851171 
655 7 |a články z novín a časopisov  |2 snkbucl  |9 267496 
700 1 |a Štekláčová, Silvia  |4 aut  |9 851172 
773 0 |t Zdravotnícke noviny  |g Roč. 7, č. 13 (2002)  |x 1335-4477 
773 0 |t Lekárske listy  |g Č. 13 (2002), s. 4  |x 1335-4477 
850 |a Slovenská národná knižnica v Martine 
852 |a SNK  |b KIS3GCP 
958 |a MI 
992 |a RBX 
999 |c 1368513  |d 1370443